| 000 | 00530nam a2200217Ia 4500 | ||
|---|---|---|---|
| 008 | 210210b1924 xxu||||| |||| 00| 0 eng d | ||
| 041 | _aeng | ||
| 082 | _a320/664 | ||
| 100 | _a- | ||
| 245 | _aLeague of nations arbitration security and reduction of armaments | ||
| 260 |
_aGeneva _bLeague of Nations _c1924 |
||
| 300 | _a192 | ||
| 650 | _asecurity | ||
| 650 | _areduction | ||
| 650 | _anations | ||
| 650 | _aLeague | ||
| 650 | _aarmaments | ||
| 650 | _aarbitration | ||
| 690 | _aPolitical Science | ||
| 906 | _a003295 | ||
| 999 |
_c120930 _d120930 |
||